Estatísticas para Países mais próximos de Vietnã

Clique aqui para jogar o quiz

Estatísticas Gerais

  • Esse quiz foi jogado 42 vezes
  • A pontuação média é 18 de 20

Estatísticas das Respostas

kmpaís% Correto
0China
100%
600Indonésia
100%
725Índia
97%
0Laos
97%
1492Nepal
97%
104Tailândia
97%
126Birmânia
94%
1131Butão
94%
0Camboja
91%
1558Japão
91%
985Bangladesh
88%
2221Coréia do Sul
88%
945Filipinas
88%
390Malásia
88%
2405Coréia do Norte
85%
805Singapura
85%
2439Sri Lanka
85%
1088Taiwan
85%
2026Mongólia
82%
956Brunei
79%

Distribuição das Pontuações

Percentil de Números Respondidos

Porcentagem de Pessoas com Cada Pontuação

Sua Pontuação Histórica

Você não jogou esse quiz